|
|
|
|
| LEADER |
01462nam a2200325 u 4500 |
| 001 |
10025305 |
| 003 |
upatras |
| 005 |
20210117205910.0 |
| 008 |
980707s1987 us eng |
| 020 |
|
|
|a 0071001670
|q (Χαρτόδετο)
|
| 020 |
|
|
|a 0071006850
|q (Χαρτόδετο)
|
| 040 |
|
|
|a GR-PaULI
|c GR-PaULI
|
| 041 |
0 |
|
|a eng
|
| 082 |
0 |
4 |
|a 621.319 2
|
| 100 |
1 |
|
|a Chua, Leon O.
|9 60808
|
| 245 |
1 |
0 |
|a Linear and nonlinear circuits
|c Leon O. Chua, Charles A. Desoer, Ernest S. Kuh
|
| 260 |
|
|
|a New York, NY
|b McGraw - Hill Book Company
|c 1987
|
| 300 |
|
|
|a xxi, 839 p.
|b fig., tab.
|c 23 cm
|
| 490 |
0 |
|
|a McGraw - Hill series in electrical engineering
|l Circuits and systems
|
| 505 |
1 |
|
|a Includes references, index
|
| 650 |
|
4 |
|a Ηλεκτρικά κυκλώματα
|9 1448
|
| 700 |
1 |
|
|a Desoer, Charles A.
|9 114524
|
| 700 |
1 |
|
|a Kuh, Ernest S.
|9 114525
|
| 760 |
1 |
|
|a McGraw-Hill series in electrical engineering
|
| 852 |
|
|
|a GR-PaULI
|b ΠΑΤΡΑ
|b ΦΥΣΙΚΟ
|k ΑΕΧ-1
|h 621.319 2 CHU
|m 03926
|t 1
|
| 852 |
|
|
|a GR-PaULI
|b ΠΑΤΡΑ
|b ΦΥΣΙΚΟ
|k ΑΕΧ-1
|h 621.319 2 CHU
|m 05047
|p 025000022819
|t 2
|
| 942 |
|
|
|2 ddc
|c BK15
|
| 952 |
|
|
|0 0
|1 0
|4 0
|6 621_319000000000000_2_CHU
|7 0
|9 194866
|a PHYS
|b PHYS
|d 2016-04-24
|i 03926
|l 0
|o 621.319 2 CHU
|r 2016-04-24 00:00:00
|t 1
|w 2016-04-24
|y BK15
|
| 952 |
|
|
|0 0
|1 0
|4 0
|6 621_319000000000000_2_CHU
|7 0
|9 194867
|a PHYS
|b PHYS
|d 2016-04-24
|i 05047
|l 0
|o 621.319 2 CHU
|p 025000022819
|r 2016-04-24 00:00:00
|t 2
|w 2016-04-24
|y BK15
|
| 999 |
|
|
|c 119546
|d 119546
|